Periodic Table Elements to Abbreviation - Statistics

General Stats
  • This quiz has been taken 520 times
  • The average score is 38 of 56
Answer Stats
Element Name Abbreviation % Correct
Aluminum Al
97%
Argon Ar
95%
Arsenic As
94%
Boron B
89%
Calcium Ca
88%
Beryllium Be
87%
Bromine Br
87%
Chlorine Cl
87%
Barium Ba
86%
Cobalt Co
85%
Cadmium Cd
84%
Fluorine F
84%
Bismuth Bi
83%
Chromium Cr
83%
Gallium Ga
83%
Hydrogen H
83%
Cesium Cs
82%
Helium He
82%
Francium Fr
80%
Iodine I
80%
Germanium Ge
79%
Gold Au
78%
Lithium Li
78%
Krypton Kr
77%
Copper Cu
76%
Magnesium Mg
76%
Iron Fe
75%
Manganese Mn
73%
Neon Ne
73%
Oxygen O
70%
Nitrogen N
69%
Nickel Ni
68%
Phosphorus P
68%
Lead Pb
65%
Neptunium Np
63%
Potassium K
62%
Radium Ra
62%
Platinum Pt
60%
Radon Rn
56%
Antimony Sb
55%
Silicon Si
55%
Rubidium Rb
53%
Scandium Sc
53%
Selenium Se
53%
Mercury Hg
52%
Silver Ag
51%
Sulfur S
51%
Sodium Na
50%
Strontium Sr
45%
Titanium Ti
44%
Uranium U
42%
Xenon Xe
40%
Zinc Zn
40%
Tin Sn
36%
Tungsten W
35%
Zirconium Zr
35%
No matching quizzes found
Score Distribution
Percent of People with Each Score
Percentile by Number Answered
Your Score History
You have not taken this quiz